000 00654nam a2200229Ia 4500
001 18282
003 GE_BSU
008 181216s||||||||xx |||||||||||||| ||und||
020 _a9781452276540
040 _cGE_BSU
080 _a30
100 _aDainton, Marianne; Zelley, Elaine D.
245 _aApplying Communication Theory for Professional Life: A Practical Introduction
260 _aLos Angeles
260 _bSage
260 _c2015
300 _a260p. 23 cm.
541 _h237 Gel.35T
653 _aApplying Communication Theory for Professional Life: A Practical Introduction
653 _aკომუნიკაცია
942 _cBK
999 _c51313
_d51313